Score 0/26 Timer 03:00
2 Plays Today
Tagline Missing Word % Correct
Who you gonna ____?call
87.5%
Be afraid. Be ____ afraid.very
87.4%
____, we have a problem.Houston
85.5%
Just when you thought it was safe to go back in the ____.water
84.6%
You'll believe a man can ____!fly
82.2%
In ____, no one can hear you scream.space
76.8%
They're ____...here
67.2%
Why so ____?serious
64.1%
A lot can happen in the middle of ____.nowhere
59.5%
Don't get him wet, keep him out of bright light, never feed him after ____.midnight
58.4%
One man's struggle to take it ____.easy
44.7%
Protecting the Earth from the ____ of the universe!scum
42.3%
Work ____.sucks
34.7%
Tagline Missing Word % Correct
They stole his ____. Now he wants it back.mind
25.8%
You won't know the ____ until you've seen the fiction.facts
25.4%
An ____ 65 million years in the making.adventure
25.2%
A comedy about growing up, and the ____ along the way.bumps
22.7%
Mischief. Mayhem. ____.Soap
17.1%
You'll laugh. You'll cry. You'll ____.hurl
13.7%
Escape or die ____.frying
11.2%
A man went looking for ____ and couldn't find it anywhere!America
8.3%
Does for rock and roll what The Sound of Music did for ____.hills
6.2%
Sex. Clothes. Popularity. ____.Whatever
6%
A tale of murder, lust, greed, revenge, and ____.seafood
3.8%
First comes love. Then comes the ____.interrogation
3.2%
5 criminals. One line-up. No ____.coincidence
1.9%

Today's Daily Dose

Remove Ads.
Support Sporcle.
Get the best of Sporcle when you Go Orange. This ad-free experience offers more features, more stats, and more fun while also helping to support Sporcle. Thank you for becoming a member.

You're not logged in!

Compare scores with friends on all Sporcle quizzes.
OR
Log In

Show Comments

Extras

Top Quizzes Today


Score Distribution

Your Account Isn't Verified!

In order to create a playlist on Sporcle, you need to verify the email address you used during registration. Go to your Sporcle Settings to finish the process.

Report this User

Report this user for behavior that violates our Community Guidelines.

Details: